Analýza boridických vrstiev na nástrojovej oceli M 390

Saved in:
Bibliographic Details
Main Author: Benovic, Ján, 1964- (Author)
Other Authors: Sedlická, Viktória, 1956- (Thesis advisor)
Format: Manuscript Book
Language:Slovak
Published: STU v Bratislave MTF UMAT, 2010
Subjects:
Online Access:VAIS
Tags: Add Tag
No Tags, Be the first to tag this record!

MARC

LEADER 00000ntm a22000003a 4500
001 stu208777
005 20160719160254.0
008 100811s2010------------------------slo-d
040 |a STU  |b slo 
041 0 |a slo 
100 1 |a Benovic, Ján,  |d 1964-  |4 aut  |X 34507  |7 A000034507 
242 0 0 |a Analysis saturation of boron layers on tool steel M390.  |y eng 
245 1 |a Analýza boridických vrstiev na nástrojovej oceli M 390 
260 |b STU v Bratislave MTF UMAT,  |c 2010 
650 7 |a oceľ  |2 stusub 
650 7 |a tvrdosť  |2 stusub 
650 7 |a steel  |2 estusub 
700 1 |a Sedlická, Viktória,  |d 1956-  |4 ths  |u M1000  |U MTF Materiálovotechnologická fakulta  |T MTF Ústav materiálov  |X 1527  |U M1000  |Y 81  |7 A000001527 
856 4 |a info a plný text  |u http://is.stuba.sk/zp/portal_zp.pl?podrobnosti=75341  |3 VAIS 
996 |c M*DP-9090  |l MMSKP  |s P  |a 0  |w stu208777_0001